Statistieken voor Meest zuidelijke Europese landen

Klik hier om de quiz te nemen!

Algemene statistieken

  • Deze quiz is 1.925 keer genomen
    (1.750 sinds de laatste reset)
  • De gemiddelde score is 8 van 10

Antwoordstatistieken

Zuidelijkste puntLand% Correct
34°49' NGriekenland
97%
37°56' NItalië
97%
36°00' NSpanje
97%
36°57' NPortugal
96%
39°39' NAlbanië
87%
41°48' NKosovo
83%
40°42' NNoord-Macedonië
81%
41°15' NBulgarije
77%
41°51' NMontenegro
70%
41°11' NRusland
31%

Scoreverdeling

Percentiel versus Aantal Correcte Antwoorden

Procent van Mensen met Elke Score

Uw Scoregeschiedenis

U heeft deze quiz nog niet genomen sinds de laatste reset